Najtrudniejszy quiz na świecie!! - Statystyki

Ogólne statystyki
  • Ten quiz został rozwiązany 285 razy
  • Średni wynik to 2 z 15
Statystyki odpowiedzi
Nie ma tu podpowiedzi :) Twoja Odpowiedź % Poprawnych
:) (:
77%
:) Polska
19%
:) Trynidad i Tobago
15%
:) Germany
9%
:) Sierpc
8%
:) 1111111
5%
:) Ha!
5%
:) Nie umiem!!!!!
5%
:) '_'
4%
:) iiiiii
4%
:) ,,ll''
4%
:) Water in water
4%
:) "oooo"
3%
:) 波蘭
2%
:) 中國
2%
Nie znaleziono quizów pasujących do podanych kryteriów
Rozkład punktacji
Procent ludzi z każdym wynikiem
Percentyl według liczby udzielonych odpowiedzi
Twoja historia wyników
Nie rozwiązałeś tego quizu